Les pays les plus en dette publique - Statistiques

Statistiques générales
  • Ce quiz a été pris 369 fois
  • Le résultat moyen est 4 sur 15
Statistiques - réponses
Dette publique brut (% du PIB) Pays % Correct
165,30 Grèce
88%
120,10 Italie
72%
107,80 Portugal
65%
205,50 Japon
64%
98,00 Belgique
39%
108,20 Irlande
38%
128,60 Islande
26%
134,00 Liban
15%
118,20 Singapour
9%
219,70 Zimbabwe
9%
118,50 Érythrée
5%
127,60 Jamaïque
5%
200,00 Saint-Christophe-et-Niévès
1%
130,00 Antigua-et-Barbuda
0%
90,00 Saint-Vincent-et-les-Grenadines
0%
Aucun quiz correspondant
Distribution des résultats
% des personnes avec chaque résultat
Percentile par nombre de réponses
Votre historique - résultats
Vous n’avez pas pris ce quiz